[Event "Florianopolis op 10th"]
[Site "Florianopolis"]
[Date "2024.01.24"]
[Round "6"]
[White "Gauche, Charles"]
[Black "Medeiros, Thauane Ferreira"]
[Result "1-0"]
[WhiteElo "2182"]
[BlackElo "1842"]
[PlyCount "58"]
[EventDate "2024.01.20"]
[EventType "swiss"]
[EventRounds "10"]
[EventCountry "BRA"]
[SourceTitle "CB05_2024"]
[SourceDate "2024.01.31"]
[SourceVersion "1"]
[SourceVersionDate "2024.01.31"]
[SourceQuality "1"]

1. e4 e5 2. Nf3 Nc6 3. Bc4 Nf6 4. d3 Bc5 5. 0-0 a6 6. c3 d6 7. d4 exd4 8. cxd4 Bb6 9. h3 0-0 10. d5 Ne7 11. Nc3 Ng6 12. Re1 Nd7 13. Be3 Bxe3 14. Rxe3 Nde5 15. Nxe5 Nxe5 16. Bf1 Qf6 17. Rc1 c6 18. dxc6 bxc6 19. Ne2 Be6 20. b3 Rfe8 21. Qd2 Bd7 22. f4 Ng6 23. Rd3 Rxe4 24. Rxd6 Be6 25. f5 Qxf5 26. Ng3 Qf4 27. Nxe4 Qxe4 28. Bd3 Qh4 29. Bxg6 hxg6 1-0

[Event "Florianopolis op 10th"]
[Site "Florianopolis"]
[Date "2024.01.21"]
[Round "2"]
[White "Medeiros, Thauane Ferreira"]
[Black "Caetano, Ryan Wesley da Cost"]
[Result "1/2-1/2"]
[WhiteElo "1842"]
[BlackElo "2184"]
[PlyCount "88"]
[EventDate "2024.01.20"]
[EventType "swiss"]
[EventRounds "10"]
[EventCountry "BRA"]
[SourceTitle "CB05_2024"]
[SourceDate "2024.01.31"]
[SourceVersion "1"]
[SourceVersionDate "2024.01.31"]
[SourceQuality "1"]

1. d4 Nf6 2. Bg5 b6 3. Bxf6 exf6 4. c4 Bb4+ 5. Nd2 0-0 6. a3 Be7 7. e3 Bb7 8. Qg4 d5 9. Ngf3 g6 10. Bd3 dxc4 11. Nxc4 c5 12. Nh4 Kh8 13. Qh3 Rg8 14. Rd1 b5 15. Nd2 cxd4 16. exd4 Nc6 17. 0-0 Nxd4 18. Rfe1 f5 19. Nhf3 Bf6 20. Nxd4 Qxd4 21. b4 Rge8 22. Rxe8+ Rxe8 23. Bxb5 Rd8 24. Qb3 Kg7 25. Be2 Qe5 26. Bf1 Qc3 27. Qa2 Bd5 28. Nb1 Qc6 29. Qe2 f4 30. Qa6 Qc2 31. Qd3 Qc7 32. Qb5 Be4 33. Qe2 Rxd1 34. Qxd1 Qe5 35. Nd2 Qd4 36. Qe2 Bd5 37. Nf3 Qc3 38. Qd2 Qxd2 39. Nxd2 Bb2 40. Nc4 Bc1 41. a4 Kf6 42. b5 Ke6 43. b6 axb6 44. Nxb6 Bd2 1/2-1/2

[Event "Criciuma op-A"]
[Site "Criciuma"]
[Date "2024.01.14"]
[Round "4"]
[White "Medeiros, Thauane Ferreira"]
[Black "Lage, Pedro Ferreira"]
[Result "0-1"]
[WhiteElo "1842"]
[BlackElo "2100"]
[PlyCount "54"]
[EventDate "2024.01.12"]
[EventType "swiss"]
[EventRounds "9"]
[EventCountry "BRA"]
[SourceTitle "CB04_2024"]
[SourceDate "2023.10.16"]
[SourceVersion "1"]
[SourceVersionDate "2023.10.16"]
[SourceQuality "1"]

1. d4 d5 2. Bf4 Nf6 3. e3 c5 4. Nf3 Nc6 5. Nbd2 cxd4 6. exd4 Bg4 7. c3 e6 8. Bb5 Bd6 9. Bxd6 Qxd6 10. Qa4 Bxf3 11. Nxf3 0-0 12. 0-0 Rfc8 13. Rfe1 a6 14. Bxc6 Rxc6 15. Ne5 Rc7 16. Re3 b5 17. Qd1 b4 18. Rc1 Rac8 19. Qb3 Ne4 20. f3 Nd2 21. Qd1 Nc4 22. Nxc4 Rxc4 23. Qb3 Rxd4 24. Rce1 Rd2 25. Qxb4 Qxb4 26. cxb4 Rcc2 27. Rc3 Rxg2+ 0-1

[Event "BRA-ch (Women) 62nd"]
[Site "Timbo"]
[Date "2023.11.03"]
[Round "8"]
[White "Jurado, Laura Alves"]
[Black "Medeiros, Thauane Ferreira"]
[Result "1-0"]
[WhiteElo "1276"]
[BlackElo "1874"]
[PlyCount "63"]
[EventDate "2023.10.29"]
[EventType "swiss"]
[EventRounds "9"]
[EventCountry "BRA"]
[SourceTitle "Mega2024 Update 01"]
[Source "Chessbase"]
[SourceDate "2023.11.12"]
[SourceVersion "1"]
[SourceVersionDate "2023.11.12"]
[SourceQuality "1"]

1. d4 Nf6 2. Bg5 Ne4 3. Bf4 c5 4. f3 Nf6 5. dxc5 Qa5+ 6. Nc3 Qxc5 7. e4 d6 8. Qd2 g6 9. 0-0-0 Qa5 10. Nge2 Bg7 11. Kb1 Nc6 12. Nc1 a6 13. Bh6 0-0 14. g4 Ne5 15. Be2 Qc7 16. h4 Be6 17. h5 Bc4 18. hxg6 fxg6 19. Bxg7 Kxg7 20. Qh6+ Kf7 21. Bxc4+ Qxc4 22. g5 Nh5 23. Qxh7+ Ke6 24. Nd3 Nf4 25. Nxe5 dxe5 26. Nd5 Nxd5 27. Qxg6+ Kd7 28. Rxd5+ Kc7 29. Qe6 Qb4 30. Qxe5+ Kb6 31. Rd4 Qc5 32. Rh6+ 1-0

[Event "BRA-ch (Women) 62nd"]
[Site "Timbo"]
[Date "2023.10.29"]
[Round "1"]
[White "Tribess, Leticia Gabriele"]
[Black "Medeiros, Thauane Ferreira"]
[Result "0-1"]
[WhiteElo "1331"]
[BlackElo "1874"]
[PlyCount "110"]
[EventDate "2023.10.29"]
[EventType "swiss"]
[EventRounds "9"]
[EventCountry "BRA"]
[SourceTitle "Mega2024 Update 01"]
[Source "Chessbase"]
[SourceDate "2023.11.12"]
[SourceVersion "1"]
[SourceVersionDate "2023.11.12"]
[SourceQuality "1"]

1. e4 e5 2. Nf3 Nc6 3. d4 exd4 4. Nxd4 Bc5 5. Be3 Qf6 6. c3 Nge7 7. Be2 d5 8. Bf3 Ne5 9. exd5 0-0 10. 0-0 Bxd4 11. Bxd4 Nxf3+ 12. Qxf3 Qxf3 13. gxf3 Nxd5 14. Nd2 Bh3 15. Rfe1 Rfe8 16. Ne4 Re6 17. Ng3 Rae8 18. Rxe6 Rxe6 19. Rd1 f5 20. Be3 Nxe3 21. fxe3 Rxe3 22. Kf2 Re7 23. Nh5 g5 24. Rg1 h6 25. Nf4 Bg4 26. fxg4 gxf4 27. gxf5+ Kf7 28. Kf3 Re3+ 29. Kxf4 Re2 30. Rd1 Kf6 31. Rd7 Rxh2 32. Rxc7 Rf2+ 33. Ke3 Rxb2 34. Rh7 Kxf5 35. Rxh6 Rxa2 36. Rh5+ Ke6 37. Rh6+ Kd5 38. Rh7 b5 39. Kd3 Kc5 40. Rh5+ Kb6 41. Rh6+ Ka5 42. Rh7 a6 43. Rh1 Ka4 44. Rb1 Ka3 45. Rg1 a5 46. Rg5 Ka4 47. Rg4+ Kb3 48. Rg5 b4 49. cxb4 axb4 50. Rg1 Rh2 51. Rb1+ Ka3 52. Ra1+ Kb2 53. Rf1 b3 54. Kc4 Kc2 55. Kb4 b2 0-1

[Event "Titled Tuesday intern op 04th Jul Late"]
[Site "Chess.com INT"]
[Date "2023.07.04"]
[Round "1"]
[White "Filgueira, Hernan"]
[Black "Medeiros, Thauane Ferreira"]
[Result "1-0"]
[WhiteElo "2283"]
[BlackElo "1886"]
[PlyCount "93"]
[EventDate "2023.07.04"]
[EventType "swiss (blitz)"]
[EventRounds "11"]
[EventCountry "USA"]
[SourceTitle "EXT 2024"]
[Source "ChessBase"]
[SourceDate "2023.10.10"]
[SourceVersion "1"]
[SourceVersionDate "2023.10.10"]
[SourceQuality "1"]

1. e4 e6 2. d4 d5 3. Nd2 dxe4 4. Nxe4 Nd7 5. Nf3 Ngf6 6. Bg5 Be7 7. Nxf6+ Bxf6 8. h4 h6 9. Be3 c5 10. c3 b6 11. dxc5 bxc5 12. Bb5 Qc7 13. Qa4 Rb8 14. 0-0 0-0 15. Rad1 Nb6 16. Qc2 Be7 17. Be2 Bb7 18. c4 Bf6 19. Rfe1 Rfd8 20. Rxd8+ Rxd8 21. b3 a5 22. Rd1 Be7 23. h5 a4 24. Rxd8+ Qxd8 25. Qd2 axb3 26. axb3 Qxd2 27. Nxd2 Kf8 28. b4 Nd7 29. b5 Ke8 30. Nb3 Kd8 31. f4 Be4 32. Bd2 f5 33. Ba5+ Kc8 34. Kf2 Kb7 35. g4 Nf6 36. gxf5 exf5 37. Bc3 Kb6 38. Ba5+ Kb7 39. Ke3 Bc2 40. Nd2 Ne4 41. Nxe4 Bxe4 42. Bc3 Bf6 43. Be5 Kb6 44. Bd3 Bxd3 45. Kxd3 Ka5 46. Bc7+ Kb4 47. b6 1-0

[Event "Caioba op 7th"]
[Site "Caioba"]
[Date "2023.06.21"]
[Round "5"]
[White "Medeiros, Thauane Ferreira"]
[Black "Monteiro, Samuel Ramazzotte"]
[Result "0-1"]
[WhiteElo "1886"]
[BlackElo "1444"]
[PlyCount "30"]
[EventDate "2023.06.18"]
[EventType "swiss"]
[EventRounds "9"]
[EventCountry "BRA"]
[SourceTitle "CBM 214 Extra"]
[Source "ChessBase"]
[SourceDate "2023.07.31"]
[SourceVersion "1"]
[SourceVersionDate "2023.07.31"]
[SourceQuality "1"]

1. d4 d5 2. Bf4 Nf6 3. Nf3 c5 4. e3 Nc6 5. Nbd2 Qb6 6. dxc5 Qxb2 7. Rb1 Qc3 8. Bb5 g6 9. Be5 Qxc5 10. c4 dxc4 11. Ne4 Nxe4 12. Bxh8 f6 13. Nd4 Nc3 14. Qf3 Nxb1 15. Nxc6 Qxb5 0-1

[Event "Caioba op 7th"]
[Site "Caioba"]
[Date "2023.06.20"]
[Round "4"]
[White "Messias, Jose Vitor Lamosa P"]
[Black "Medeiros, Thauane Ferreira"]
[Result "1-0"]
[WhiteElo "1667"]
[BlackElo "1886"]
[PlyCount "137"]
[EventDate "2023.06.18"]
[EventType "swiss"]
[EventRounds "9"]
[EventCountry "BRA"]
[SourceTitle "CBM 214 Extra"]
[Source "ChessBase"]
[SourceDate "2023.07.31"]
[SourceVersion "1"]
[SourceVersionDate "2023.07.31"]
[SourceQuality "1"]

1. e4 e5 2. Nf3 Nc6 3. Bb5 Nf6 4. 0-0 Nxe4 5. d4 Nd6 6. Bxc6 dxc6 7. dxe5 Nf5 8. Qxd8+ Kxd8 9. Nc3 Be7 10. g4 Nh4 11. Nxh4 Bxh4 12. h3 h5 13. f3 hxg4 14. hxg4 Bg3 15. Bg5+ Ke8 16. Kg2 Bxe5 17. Rfe1 f6 18. Bf4 Kf7 19. Bxe5 fxe5 20. Rxe5 Bd7 21. Rae1 Rae8 22. Rxe8 Rxe8 23. Rxe8 Bxe8 24. Ne4 b6 25. Kg3 c5 26. Kf4 Bb5 27. Kg5 Be2 28. f4 Bd1 29. c3 Bf3 30. Ng3 Bd5 31. a3 a5 32. f5 c4 33. Kf4 b5 34. Ke5 Bf3 35. g5 Ke7 36. f6+ gxf6+ 37. gxf6+ Kf7 38. Nf5 Bc6 39. Nh6+ Ke8 40. Nf5 Bd7 41. Ne7 Kf7 42. Nd5 c6 43. Ne7 Be8 44. Kd6 Kxf6 45. Nxc6 Kf5 46. Nxa5 Ke4 47. Kc5 Kd3 48. Kb4 Ke4 49. a4 bxa4 50. Nxc4 Kd5 51. Nb6+ Kc6 52. Nxa4 Bf7 53. c4 Bh5 54. b3 Bf3 55. Kc3 Be2 56. b4 Bf1 57. Kd4 Be2 58. Nc3 Bg4 59. b5+ Kb7 60. c5 Bd7 61. Kd5 Kc7 62. b6+ Kb7 63. Kd6 Bc6 64. Ne2 Bb5 65. Nd4 Be8 66. Ne6 Bb5 67. Nd8+ Kb8 68. c6 Kc8 69. b7+ 1-0

[Event "Caioba op 7th"]
[Site "Caioba"]
[Date "2023.06.19"]
[Round "2"]
[White "Medeiros, Thauane Ferreira"]
[Black "Borges da Silva, Rodrigo"]
[Result "1/2-1/2"]
[WhiteElo "1886"]
[BlackElo "2213"]
[PlyCount "123"]
[EventDate "2023.06.18"]
[EventType "swiss"]
[EventRounds "9"]
[EventCountry "BRA"]
[SourceTitle "CBM 214 Extra"]
[Source "ChessBase"]
[SourceDate "2023.07.31"]
[SourceVersion "1"]
[SourceVersionDate "2023.07.31"]
[SourceQuality "1"]

1. d4 e6 2. Bf4 c5 3. e3 cxd4 4. exd4 Qb6 5. Nc3 Qxb2 6. Nge2 Bb4 7. Bd2 Nc6 8. Rb1 Qa3 9. Nb5 Qa5 10. Nd6+ Ke7 11. Rxb4 Kxd6 12. Rb3 Qh5 13. g4 Qd5 14. Rg1 Ke7 15. Bg2 Qc4 16. d5 exd5 17. Bg5+ Nf6 18. Bxd5 Qc5 19. Re3+ Kd8 20. Bh4 Re8 21. Rgg3 Nb4 22. Rxe8+ Kxe8 23. Re3+ Kf8 24. Bb3 d5 25. Bxf6 gxf6 26. a3 Nc6 27. Qd3 Qa5+ 28. Kf1 Be6 29. Qxh7 Rd8 30. Rf3 Qd2 31. Qh8+ Ke7 32. Qxf6+ Kd7 33. Rd3 Qa5 34. Nf4 Kc7 35. Nxe6+ fxe6 36. Qxe6 Qxa3 37. Rxd5 Qc1+ 38. Kg2 Rf8 39. Rd7+ Kb6 40. Qe3+ Qxe3 41. fxe3 Ne5 42. Rg7 Rf3 43. Rxb7+ Ka6 44. Re7 Rxe3 45. Rxe5 Rxe5 46. h4 Kb5 47. g5 a5 48. g6 a4 49. Bf7 Rc5 50. c4+ Kb4 51. g7 Rc8 52. g8Q Rxg8+ 53. Bxg8 Kc5 54. Bh7 Kxc4 55. Kf3 Kd5 56. Kf4 Ke6 57. Kg5 Kf7 58. Kh6 a3 59. Bb1 Kg8 60. Kg6 Kh8 61. h5 a2 62. Bxa2 1/2-1/2

[Event "Florianopolis op 9th"]
[Site "Florianopolis"]
[Date "2023.01.27"]
[Round "7"]
[White "Medeiros, Thauane Ferreira"]
[Black "De Resende, Sidnei"]
[Result "0-1"]
[WhiteElo "1883"]
[BlackElo "1629"]
[PlyCount "76"]
[EventDate "2023.01.23"]
[EventType "swiss"]
[EventRounds "10"]
[EventCountry "BRA"]
[SourceTitle "CBM 212 Extra"]
[Source "ChessBase"]
[SourceDate "2023.03.31"]
[SourceVersion "1"]
[SourceVersionDate "2023.03.31"]
[SourceQuality "1"]

1. d4 Nf6 2. Bg5 e6 3. Nd2 Be7 4. e4 d5 5. e5 Nfd7 6. Bxe7 Qxe7 7. c3 c5 8. Qg4 0-0 9. Bd3 f5 10. exf6 Nxf6 11. Qh4 Nc6 12. Ngf3 cxd4 13. cxd4 Qb4 14. 0-0 e5 15. a3 Qxb2 16. dxe5 Nxe5 17. Rab1 Nxf3+ 18. Nxf3 Qxa3 19. Bc2 b6 20. Rfe1 Bd7 21. Re3 Qc5 22. Rc1 Bf5 23. Nd4 Bxc2 24. Rxc2 Qb4 25. h3 Ne4 26. Rd3 Nxf2 27. Re3 Qb1+ 28. Kh2 Qh1+ 29. Kg3 Ne4+ 30. Rxe4 dxe4 31. Qg4 Qa1 32. Qxe4 Rae8 33. Qd5+ Kh8 34. Nf3 Qf6 35. Rc6 Qf4+ 36. Kf2 Rc8 37. Rd6 Rc2+ 38. Kg1 Qg3 0-1

[Event "Florianopolis op 9th"]
[Site "Florianopolis"]
[Date "2023.01.26"]
[Round "5"]
[White "Medeiros, Thauane Ferreira"]
[Black "Lima, Kleyton Alcantara"]
[Result "0-1"]
[WhiteElo "1883"]
[BlackElo "2080"]
[PlyCount "46"]
[EventDate "2023.01.23"]
[EventType "swiss"]
[EventRounds "10"]
[EventCountry "BRA"]
[SourceTitle "CBM 212 Extra"]
[Source "ChessBase"]
[SourceDate "2023.03.31"]
[SourceVersion "1"]
[SourceVersionDate "2023.03.31"]
[SourceQuality "1"]

1. d4 Nf6 2. Nf3 e6 3. Bf4 c5 4. e3 Nc6 5. Nbd2 d5 6. c3 Bd6 7. Bd3 0-0 8. Bg3 Qe7 9. Ne5 Nd7 10. f4 f6 11. Bxh7+ Kxh7 12. Qh5+ Kg8 13. Ng6 Qe8 14. f5 Bb8 15. Nf3 exf5 16. Kd2 Qe4 17. Qh8+ Kf7 18. Qh5 Ne7 19. Nxf8+ Kxf8 20. Raf1 Nb6 21. b3 f4 22. exf4 Bf5 23. Re1 Qd3+ 0-1

[Event "Titled Tuesday intern op 17th Jan Late"]
[Site "Chess.com INT"]
[Date "2023.01.17"]
[Round "11"]
[White "Medeiros, Thauane Ferreira"]
[Black "Berezin, Viktor1111"]
[Result "0-1"]
[WhiteElo "1883"]
[BlackElo "2307"]
[PlyCount "120"]
[EventDate "2023.01.17"]
[EventType "swiss (blitz)"]
[EventRounds "11"]
[EventCountry "USA"]
[SourceTitle "CBM 212 Extra"]
[Source "ChessBase"]
[SourceDate "2023.03.31"]
[SourceVersion "1"]
[SourceVersionDate "2023.03.31"]
[SourceQuality "1"]

1. d4 Nf6 2. Bg5 c6 3. Bxf6 exf6 4. c4 g6 5. Nc3 Bg7 6. e3 0-0 7. g3 d6 8. Bg2 h5 9. Nge2 h4 10. gxh4 f5 11. h5 Qh4 12. hxg6 fxg6 13. Nf4 Qf6 14. h4 Re8 15. Qf3 Qxd4 16. Qg3 Qxc4 17. Qxg6 Qf7 18. Qxd6 Be5 19. Qg6+ Qxg6 20. Nxg6 f4 21. Nxe5 Rxe5 22. Ke2 Bg4+ 23. Bf3 Bxf3+ 24. Kxf3 fxe3 25. fxe3 Nd7 26. Rhg1+ Kh7 27. Rad1 Rf8+ 28. Ke2 Nb6 29. Rg5 Rfe8 30. Rxe5 Rxe5 31. Rd4 Kg6 32. Kf3 Re7 33. Rd6+ Kh5 34. Rd4 Nd7 35. Ne4 Ne5+ 36. Kg3 Nf7 37. Nf6+ Kg6 38. Ng4 c5 39. Rf4 Kg7 40. h5 Rd7 41. h6+ Nxh6 42. Nxh6 Kxh6 43. Rf6+ Kg7 44. Rf5 b6 45. Kf4 Rd2 46. Re5 Kf6 47. Rf5+ Ke6 48. Re5+ Kd6 49. a4 Rxb2 50. a5 bxa5 51. Re8 a4 52. Ra8 Rb7 53. Rd8+ Kc6 54. Rd3 c4 55. Rc3 Kc5 56. e4 Rb3 57. Rc1 a3 58. e5 Rb2 59. e6 Kd6 60. Kf5 Ke7 0-1

[Event "Titled Tuesday intern op 17th Jan Late"]
[Site "Chess.com INT"]
[Date "2023.01.17"]
[Round "3"]
[White "Pein, Jonathan"]
[Black "Medeiros, Thauane Ferreira"]
[Result "0-1"]
[WhiteElo "2252"]
[BlackElo "1883"]
[PlyCount "126"]
[EventDate "2023.01.17"]
[EventType "swiss (blitz)"]
[EventRounds "11"]
[EventCountry "USA"]
[SourceTitle "CBM 212 Extra"]
[Source "ChessBase"]
[SourceDate "2023.03.31"]
[SourceVersion "1"]
[SourceVersionDate "2023.03.31"]
[SourceQuality "1"]

1. e4 e5 2. Nf3 Nc6 3. Bb5 Nf6 4. 0-0 Nxe4 5. Nc3 Nxc3 6. bxc3 a6 7. Bxc6 dxc6 8. Nxe5 Bd6 9. d4 0-0 10. Bf4 Re8 11. Qf3 Be6 12. Rfe1 Bd5 13. Qg3 f6 14. Nd3 Rxe1+ 15. Nxe1 Bxf4 16. Qxf4 Qd6 17. Nd3 Re8 18. Qxd6 cxd6 19. Kf1 Bc4 20. a3 Kf7 21. Re1 Bxd3+ 22. cxd3 Rxe1+ 23. Kxe1 d5 24. c4 b5 25. Kd2 Ke6 26. Kc3 a5 27. Kb3 Kf5 28. Kc3 Kf4 29. cxb5 cxb5 30. Kd2 g5 31. Ke2 h5 32. f3 h4 33. Kf2 g4 34. g3+ hxg3+ 35. hxg3+ Kf5 36. f4 b4 37. axb4 axb4 38. Ke2 Ke6 39. Kd2 Kd6 40. Kc2 Kc6 41. Kb2 f5 42. Ka2 Kb5 43. Kb3 Ka5 44. Kb2 Ka4 45. Ka2 b3+ 46. Kb2 Kb4 47. Kc1 Kc3 48. Kb1 Kxd3 49. Kb2 Kxd4 50. Kxb3 Ke3 51. Kc3 d4+ 52. Kc2 Ke2 53. Kb3 d3 54. Kc3 d2 55. Kd4 d1Q+ 56. Ke5 Qe1 57. Kxf5 Qxg3 58. Kg5 Qf3 59. f5 g3 60. f6 g2 61. Kg6 g1Q+ 62. Kf7 Qxf6+ 63. Kxf6 Qc5 0-1

[Event "American Continental (Women)"]
[Site "Cuenca"]
[Date "2022.12.08"]
[Round "6"]
[White "Medeiros, Thauane Ferreira"]
[Black "Campos, Maria Jose"]
[Result "0-1"]
[WhiteElo "1869"]
[BlackElo "2235"]
[PlyCount "76"]
[EventDate "2022.12.05"]
[EventType "swiss"]
[EventRounds "9"]
[EventCountry "ECU"]
[SourceTitle "CBM 211 Extra"]
[Source "ChessBase"]
[SourceDate "2023.01.31"]
[SourceVersion "1"]
[SourceVersionDate "2023.01.31"]
[SourceQuality "1"]

1. d4 Nf6 2. Bf4 e6 3. e3 d5 4. Nf3 c5 5. Nbd2 Nc6 6. c3 Bd6 7. Bg3 0-0 8. Bd3 b6 9. e4 Be7 10. e5 Nh5 11. Ng5 Bxg5 12. Qxh5 g6 13. Qe2 cxd4 14. h4 Bh6 15. h5 g5 16. Nf3 dxc3 17. bxc3 Ne7 18. Nxg5 Bxg5 19. f4 Bh6 20. Bh4 Kh8 21. Qg4 f5 22. Qg3 Qc7 23. Bf6+ Rxf6 24. exf6 Qxc3+ 25. Ke2 Qxf6 26. Rac1 d4 27. Qf3 Nd5 28. g3 Bb7 29. Kf2 Rb8 30. Bb5 Ne7 31. Qa3 Bxh1 32. Rxh1 Nd5 33. Re1 Bf8 34. Qxa7 Rd8 35. Kf3 Bc5 36. Re5 Qg7 37. Qa6 Qg4+ 38. Kf2 d3+ 0-1

[Event "American Continental (Women)"]
[Site "Cuenca"]
[Date "2022.12.06"]
[Round "2"]
[White "Medeiros, Thauane Ferreira"]
[Black "Guerrero Caicedo, Arlette Sabina"]
[Result "1-0"]
[WhiteElo "1869"]
[BlackElo "1628"]
[PlyCount "79"]
[EventDate "2022.12.05"]
[EventType "swiss"]
[EventRounds "9"]
[EventCountry "ECU"]
[SourceTitle "CBM 211 Extra"]
[Source "ChessBase"]
[SourceDate "2023.01.31"]
[SourceVersion "1"]
[SourceVersionDate "2023.01.31"]
[SourceQuality "1"]

1. d4 Nf6 2. Bg5 Ne4 3. Bf4 c5 4. f3 Nf6 5. d5 d6 6. e4 g6 7. Bb5+ Nbd7 8. a4 Bg7 9. Ne2 a6 10. Bc4 Nh5 11. Bc1 Nb6 12. Nd2 e6 13. a5 Nxc4 14. Nxc4 0-0 15. 0-0 exd5 16. Nb6 Rb8 17. Nxd5 Be6 18. Nec3 Nf6 19. Bg5 h6 20. Nxf6+ Bxf6 21. Bxf6 Qxf6 22. Qxd6 Rbd8 23. Qxc5 Rd2 24. Rf2 Rfd8 25. Raf1 Qf4 26. g3 Qf6 27. Nd5 R2xd5 28. exd5 Rxd5 29. Qe3 Rxa5 30. Rd1 Rh5 31. Qb6 Rb5 32. Rd8+ Kg7 33. Qd6 Qxb2 34. Qf8+ Kf6 35. Qh8+ Kg5 36. h4+ Kh5 37. g4+ Kxh4 38. Qxh6+ Rh5 39. gxh5 Qb1+ 40. Kh2 1-0

[Event "Vicente Lopez ProAm 100 Years op"]
[Site "Buenos Aires"]
[Date "2022.10.15"]
[Round "5"]
[White "Wardak, Dante"]
[Black "Medeiros, Thauane Ferreira"]
[Result "1-0"]
[WhiteElo "1576"]
[BlackElo "1979"]
[PlyCount "79"]
[EventDate "2022.10.11"]
[EventType "swiss"]
[EventRounds "9"]
[EventCountry "ARG"]
[SourceTitle "CBM 210 Extra"]
[Source "ChessBase"]
[SourceDate "2022.11.30"]
[SourceVersion "1"]
[SourceVersionDate "2022.11.30"]
[SourceQuality "1"]

1. e4 c5 2. Nf3 Nc6 3. c3 g6 4. d4 cxd4 5. cxd4 d5 6. exd5 Qxd5 7. Nc3 Qd8 8. Bc4 Bg7 9. Be3 Nf6 10. 0-0 0-0 11. h3 a6 12. Qd2 b5 13. Bd3 Re8 14. Ne5 Bb7 15. Nxc6 Bxc6 16. f3 Nd5 17. Nxd5 Bxd5 18. b3 Qd7 19. Rac1 Rad8 20. Rfe1 Bb7 21. Be4 Bxe4 22. fxe4 Qe6 23. Qd3 Qd6 24. d5 Rc8 25. Bd4 Qf4 26. Be3 Qg3 27. Qe2 Be5 28. Rf1 Qh2+ 29. Kf2 Bg3+ 30. Kf3 Bd6 31. Kf2 Rxc1 32. Rxc1 f5 33. exf5 Rf8 34. Qg4 Bg3+ 35. Kf3 Rxf5+ 36. Qxf5 gxf5 37. Bg1 Qh1 38. Kxg3 f4+ 39. Kf3 Kf7 40. Be3 1-0

[Event "Niteroi op 2nd"]
[Site "Niteroi"]
[Date "2022.09.06"]
[Round "8"]
[White "Medeiros, Thauane Ferreira"]
[Black "Boff, Lucas Strauss"]
[Result "1-0"]
[WhiteElo "1905"]
[BlackElo "2043"]
[PlyCount "73"]
[EventDate "2022.09.01"]
[EventType "swiss"]
[EventRounds "9"]
[EventCountry "BRA"]
[SourceTitle "EXT 2024"]
[Source "ChessBase"]
[SourceDate "2023.10.10"]
[SourceVersion "1"]
[SourceVersionDate "2023.10.10"]
[SourceQuality "1"]

1. d4 g6 2. Bf4 Nf6 3. e3 Bg7 4. Nf3 0-0 5. h3 c5 6. c3 b6 7. Nbd2 Bb7 8. Be2 d6 9. 0-0 Nbd7 10. Bh2 Qc7 11. a4 a6 12. Qb3 Bc6 13. Rfe1 Qb7 14. Nc4 Ne4 15. Bf1 Bd5 16. Qd1 b5 17. Na5 Qb6 18. dxc5 Qxa5 19. Qxd5 Ndf6 20. Qd1 dxc5 21. axb5 Qb6 22. Rxa6 Rxa6 23. bxa6 Qxb2 24. Qe2 Qxc3 25. Qb5 Nd6 26. Bxd6 exd6 27. Qb7 Qb4 28. Rb1 Qxb7 29. Rxb7 Ra8 30. a7 Bf8 31. Bb5 c4 32. Bxc4 d5 33. Bb5 Kg7 34. Ne5 Bd6 35. Rxf7+ Kg8 36. Rxf6 Bxe5 37. Ra6 1-0

[Event "Niteroi op 2nd"]
[Site "Niteroi"]
[Date "2022.09.05"]
[Round "7"]
[White "Medeiros, Thauane Ferreira"]
[Black "Maia, Erick de Figueiredo"]
[Result "1-0"]
[WhiteElo "1905"]
[BlackElo "1722"]
[PlyCount "85"]
[EventDate "2022.09.01"]
[EventType "swiss"]
[EventRounds "9"]
[EventCountry "BRA"]
[SourceTitle "CBM 210 Extra"]
[Source "ChessBase"]
[SourceDate "2022.11.30"]
[SourceVersion "1"]
[SourceVersionDate "2022.11.30"]
[SourceQuality "1"]

1. d4 Nf6 2. Bf4 e6 3. e3 b6 4. Nf3 Bb7 5. Nbd2 Be7 6. Bd3 Nh5 7. Bg3 d6 8. Qe2 Nd7 9. c3 Nxg3 10. hxg3 h6 11. Rd1 c5 12. dxc5 bxc5 13. 0-0 0-0 14. Rfe1 Qc7 15. e4 Bf6 16. Qe3 a5 17. g4 g5 18. Bc2 Rfd8 19. Nc4 Nb6 20. Nfd2 Nxc4 21. Nxc4 d5 22. e5 Be7 23. Qd3 Kf8 24. Qh7 Ke8 25. Qg8+ Bf8 26. Nd6+ Rxd6 27. exd6 Qxd6 28. Bg6 Bc8 29. Bxf7+ Ke7 30. Qh7 Kd8 31. Qg6 Ra6 32. Re2 d4 33. cxd4 e5 34. Qxd6+ Rxd6 35. Rxe5 Bg7 36. Rxc5 Bxd4 37. Rd5 Rxd5 38. Bxd5 Bxb2 39. Be6+ Kc7 40. Bxc8 Kxc8 41. Rd6 a4 42. Rxh6 a3 43. Rg6 1-0

[Event "Niteroi op 2nd"]
[Site "Niteroi"]
[Date "2022.09.02"]
[Round "2"]
[White "Medeiros, Thauane Ferreira"]
[Black "Mesias Rojas, Rabindranath"]
[Result "1/2-1/2"]
[WhiteElo "1905"]
[BlackElo "2227"]
[PlyCount "99"]
[EventDate "2022.09.01"]
[EventType "swiss"]
[EventRounds "9"]
[EventCountry "BRA"]
[SourceTitle "CBM 210 Extra"]
[Source "ChessBase"]
[SourceDate "2022.11.30"]
[SourceVersion "1"]
[SourceVersionDate "2022.11.30"]
[SourceQuality "1"]

1. d4 Nf6 2. Bf4 g6 3. e3 Bg7 4. h3 0-0 5. Nf3 d6 6. Bc4 Nc6 7. 0-0 e5 8. dxe5 Ne4 9. Nbd2 Nxd2 10. Qxd2 Nxe5 11. Bxe5 Bxe5 12. Nxe5 dxe5 13. Rad1 Qh4 14. Qc3 Bf5 15. Bd5 c6 16. e4 cxd5 17. exf5 d4 18. Qc7 Qf6 19. f4 e4 20. fxg6 hxg6 21. Qe5 Qxe5 22. fxe5 Rfd8 23. Rf4 Rac8 24. Rxe4 Rxc2 25. Rexd4 Rxd4 26. Rxd4 Rxb2 27. Rd8+ Kg7 28. a4 a5 29. Rd7 Kf8 30. Kh2 b5 31. Rd5 bxa4 32. Rxa5 Ra2 33. Ra7 a3 34. Kg3 Ra1 35. h4 a2 36. Kh2 Kg8 37. g3 Kf8 38. Kg2 Ke8 39. Kh2 Kd8 40. Kg2 Kc8 41. g4 Kd8 42. Kh2 Ke8 43. Kg2 Kf8 44. Kh2 Kg7 45. e6 Re1 46. Rxa2 fxe6 47. g5 Re3 48. Ra7+ Kf8 49. Kg2 Rd3 50. Rb7 1/2-1/2